[Event "AUTO-MASTER-828"]
[Site "http://www.queenalice.com/game.php?id=743093"]
[Date "2010.3.8"]
[Round "2"]
[White "Pato"]
[Black "fabke007"]
[Result "1-0"]
[WhiteElo "2006"]
[BlackElo "2048"]

1. f4 Nf6 2. Nf3 g6 3. b3 Bg7 4. Bb2 O-O 5. e3 d6 6. Be2 Bf5 7. O-O Nbd7 8. d3
c5 9. e4 Bg4 10. Nbd2 a6 11. h3 Bxf3 12. Bxf3 Rb8 13. Qe1 b5 14. e5 Ne8 15. Qe2
dxe5 16. fxe5 Qb6 17. Kh1 e6 18. Rae1 a5 19. Qe3 Nc7 20. Qg5 h6 21. Qf4 a4 22.
Ne4 Nd5 23. Qg3 axb3 24. axb3 c4 25. Nd6 Nb4 26. dxc4 bxc4 27. Nxc4 Qc7 28. Be4
Nc5 29. Bxg6 fxg6 30. Qxg6 Rxf1+ 31. Rxf1 Rf8 32. Rf6 Nd5 33. Nd6 Qe7 34. Rxf8+
Qxf8 35. Ne8 Qf7 36. Qxf7+ Kxf7 37. Nxg7 Kxg7 38. c4 Nf4 39. b4 Nfd3 40. Bd4 Na6
41. b5 Nac5 42. Kg1 Kg6 43. g4 Nb7 44. Kg2 h5 45. Kf3 hxg4+ 46. hxg4 Kg5 47. Ke3
Nf4 48. c5 Nd5+ 49. Ke4 Kxg4 50. c6 Na5 51. Kd3 Kf5 52. Bc3 Nb3 53. Kc4 Nc1 54.
Bd4 Ne7 55. c7 Ne2 56. b6 1-0

[Event "AUTO-MASTER-828"]
[Site "http://www.queenalice.com/game.php?id=743094"]
[Date "2010.3.8"]
[Round "2"]
[White "fabke007"]
[Black "TheWatcher"]
[Result "0-1"]
[WhiteElo "2065"]
[BlackElo "2166"]

1. e4 e6 2. Nc3 d5 3. exd5 exd5 4. d4 c6 5. Nf3 Nf6 6. Bg5 Be7 7. Bd3 Bg4 8. Qd2
Nbd7 9. Ne5 Nxe5 10. dxe5 Nh5 11. Bxe7 Qxe7 12. O-O g5 13. Rfe1 O-O-O 14. Na4
Nf4 15. Bf1 h5 16. Qa5 Kb8 17. Nc5 Bc8 18. Qb4 Ka8 19. Re3 b6 20. Nd3 c5 21. Qa3
d4 22. Ree1 Nd5 23. Rab1 Rh6 24. b4 c4 25. Nb2 b5 26. Nd1 Ra6 27. Qf3 Rxa2 28.
Rb2 Rxb2 29. Nxb2 Qxb4 30. Rb1 c3 31. Qxf7 cxb2 32. e6 Bb7 33. e7 Nxe7 34. Qxh5
a5 0-1

[Event "AUTO-MASTER-828"]
[Site "http://www.queenalice.com/game.php?id=743095"]
[Date "2010.3.8"]
[Round "2"]
[White "TheWatcher"]
[Black "fabke007"]
[Result "1-0"]
[WhiteElo "2163"]
[BlackElo "2017"]

1. d4 Nf6 2. c4 g6 3. Nf3 Bg7 4. g3 O-O 5. Bg2 d6 6. O-O c6 7. Nc3 Nbd7 8. e4 e5
9. d5 Nc5 10. Qc2 cxd5 11. cxd5 b5 12. b4 Na6 13. Rb1 Nc7 14. h3 Bd7 15. Ne1 Qe7
16. Nd3 a6 17. Be3 Rfc8 18. Qd2 Nfe8 19. f4 f5 20. Kh2 fxe4 21. Nxe4 Bf5 22.
Ndf2 Nf6 23. Nxf6+ Bxf6 24. Rb3 Ne8 25. g4 Bd7 26. Ne4 Bg7 27. f5 gxf5 28. gxf5
Nf6 29. Ng5 Rc4 30. Ne6 Bxe6 31. dxe6 Rac8 32. Bh6 Rc2 33. Qg5 Kh8 34. Rff3 Rg8
35. Rg3 Bxh6 36. Qxh6 Rxa2 37. Rbc3 Rf2 38. Rcf3 Rb2 39. Rxg8+ Kxg8 40. Rg3+ Kh8
41. Rg6 Ng8 42. f6 Rxg2+ 43. Rxg2 Nxf6 44. Rf2 Ng8 45. Rf7 Nxh6 46. Rxe7 Kg8 47.
Rxh7 1-0

[Event "AUTO-OPEN-1520"]
[Site "http://www.queenalice.com/game.php?id=752816"]
[Date "2010.3.28"]
[Round "3"]
[White "Bf7"]
[Black "fabke007"]
[Result "1-0"]
[WhiteElo "2110"]
[BlackElo "2030"]

1. d4 Nf6 2. c4 d6 3. Nc3 g6 4. e4 Bg7 5. Bd3 Nbd7 6. Nge2 O-O 7. h3 c6 8. O-O
e5 9. d5 Nc5 10. Bg5 h6 11. Be3 Nxd3 12. Qxd3 Nh5 13. dxc6 bxc6 14. Rad1 d5 15.
cxd5 cxd5 16. Nxd5 Be6 17. Qa6 Bxd5 18. Rxd5 Qb8 19. Rd2 Rd8 20. Rfd1 Rxd2 21.
Rxd2 Nf4 22. Nc3 Qb4 23. Qc6 Rb8 24. Bxa7 Rb7 25. Bc5 Qc4 26. Rd8+ Kh7 27. Qxb7
Qxc5 28. Qxf7 Qb6 29. Qg8# 1-0

[Event "AUTO-OPEN-1520"]
[Site "http://www.queenalice.com/game.php?id=752817"]
[Date "2010.3.28"]
[Round "3"]
[White "fabke007"]
[Black "Bf7"]
[Result "1-0"]
[WhiteElo "1991"]
[BlackElo "2078"]

1. e4 d5 2. exd5 Qxd5 3. Nf3 Nf6 4. Nc3 Qd6 5. Be2 c6 6. O-O Bf5 7. d3 Nbd7 8.
Re1 e6 9. Nh4 Bg6 10. Bf3 Ne5 11. Be4 Bh5 12. Qd2 O-O-O 13. b3 Qd4 14. Bb2 Bb4
15. a3 Nxe4 16. Rxe4 Qxe4 17. Nxe4 Bxd2 18. Bxe5 Bh6 19. h3 Rd5 20. d4 f6 21. c4
Rd7 22. Nd6+ Kd8 23. Bg3 g5 24. Nf3 Bxf3 25. gxf3 Bf8 26. Ne4 Rxd4 27. Nxf6 Be7
28. Be5 Rd3 29. Kg2 Rf8 30. Ng4 Rxb3 31. a4 Rfxf3 32. Ne3 Rf7 33. a5 Bc5 34. Ng4
1-0

[Event "AUTO-OPEN-1615"]
[Site "http://www.queenalice.com/game.php?id=768357"]
[Date "2010.4.29"]
[Round "3"]
[White "Davidziak95"]
[Black "fabke007"]
[Result "1-0"]
[WhiteElo "2244"]
[BlackElo "2035"]

1. d4 Nf6 2. Nf3 g6 3. Bf4 d6 4. Nc3 Bg7 5. e4 O-O 6. Be2 Nbd7 7. O-O c6 8. Qd2
Re8 9. Rad1 Qa5 10. Bh6 Bh8 11. Rfe1 e5 12. dxe5 dxe5 13. Bc4 b5 14. Bb3 Nc5 15.
Qd6 Nxb3 16. axb3 Bb7 17. b4 Qd8 18. Bg5 Qxd6 19. Rxd6 Nh5 20. Ra1 f6 21. Be3 a5
22. bxa5 b4 23. Ne2 Bg7 24. Ng3 Nf4 25. Rd7 Ba6 26. Rd6 Bb5 27. h3 Red8 28.
Rxd8+ Rxd8 29. a6 Ra8 30. a7 Bf8 31. Nd2 Ne6 32. Ra5 Nc5 33. b3 Bd6 34. Nc4 Bxc4
35. bxc4 Nb7 36. Ra6 c5 37. f3 Kf7 38. Bf2 Ke8 39. Nf1 Kf7 40. Ne3 Bc7 41. Nd5
Bd8 42. Ra4 Nd6 43. Bxc5 Nc8 44. Rxb4 1-0

[Event "AUTO-OPEN-1615"]
[Site "http://www.queenalice.com/game.php?id=768358"]
[Date "2010.4.29"]
[Round "3"]
[White "fabke007"]
[Black "Davidziak95"]
[Result "0-1"]
[WhiteElo "1997"]
[BlackElo "2237"]

1. e4 c5 2. Nf3 Nc6 3. d4 cxd4 4. Nxd4 e5 5. Nb3 Nf6 6. Bd3 d5 7. exd5 Nxd5 8.
O-O Be6 9. N1d2 Be7 10. Ne4 f5 11. Nec5 Bc8 12. Qh5+ g6 13. Qe2 e4 14. Bb5 Qb6
15. Qc4 Nc7 16. Bxc6+ Qxc6 17. Qa4 b5 18. Qd4 O-O 19. Bf4 Rd8 20. Qe5 Nd5 21.
Rad1 Bf6 22. Rxd5 Rxd5 23. Qc7 Qxc7 24. Bxc7 Be7 0-1

[Event "AUTO-OPEN-1587"]
[Site "http://www.queenalice.com/game.php?id=768384"]
[Date "2010.4.30"]
[Round "2"]
[White "jotu"]
[Black "fabke007"]
[Result "1-0"]
[WhiteElo "2260"]
[BlackElo "2027"]

1. e4 c5 2. Nf3 d6 3. d4 cxd4 4. Nxd4 Nf6 5. Nc3 g6 6. Be3 Bg7 7. f3 O-O 8. Bc4
Nc6 9. Qd2 Re8 10. O-O-O Bd7 11. g4 Qa5 12. Kb1 Rac8 13. Bb3 Ne5 14. h4 Rxc3 15.
Qxc3 Qxc3 16. bxc3 Rc8 17. Kc1 Rxc3 18. Kd2 Rc8 19. Bg5 Nexg4 20. fxg4 Nxe4+ 21.
Ke3 Nxg5 22. hxg5 Bxg4 23. Rdf1 e6 24. c4 d5 25. cxd5 Rc3+ 26. Kf4 Bh3 27. Rf3
e5+ 28. Kg3 Rxf3+ 29. Nxf3 Bf5 30. Rd1 e4 31. Nd4 Be5+ 32. Kf2 Bd7 33. Ke3 f5
34. gxf6 Bxf6 35. Kxe4 h5 36. d6+ Kh7 37. Be6 1-0

[Event "AUTO-OPEN-1587"]
[Site "http://www.queenalice.com/game.php?id=768385"]
[Date "2010.4.30"]
[Round "2"]
[White "fabke007"]
[Black "jotu"]
[Result "0-1"]
[WhiteElo "2020"]
[BlackElo "2263"]

1. e4 c5 2. Nf3 Nc6 3. d4 cxd4 4. Nxd4 Nf6 5. Nc3 e5 6. Nb3 Bb4 7. Bd3 d5 8.
exd5 Nxd5 9. Bd2 Nxc3 10. Bxc3 Bxc3+ 11. bxc3 O-O 12. O-O Qe7 13. Re1 Be6 14.
Qh5 f5 15. Bb5 e4 16. Bxc6 bxc6 17. Nd4 Qf6 18. Nxe6 Qxe6 19. Re3 f4 20. Rh3 Qf5
21. Qe2 Rae8 22. Re1 Qd5 23. c4 Qa5 24. c3 Qe5 25. Qh5 h6 26. Qxe5 Rxe5 27. Rh4
Kh7 28. g3 g5 29. Rh5 Kg6 30. gxf4 Rxf4 31. Rh3 Rc5 32. Rhe3 Rxc4 33. Kg2 Ra4
34. R1e2 h5 35. f3 Kf5 36. fxe4+ Raxe4 37. Rxe4 Rxe4 38. Rf2+ Ke5 39. Rc2 c5 40.
Kf3 g4+ 41. Kg3 Kf5 42. a3 Re3+ 43. Kf2 Rh3 44. Kg2 Ke4 45. a4 Kd3 46. Rc1 Kd2
47. Rb1 Kxc3 48. Rb7 a5 49. Rb5 c4 50. Rxa5 Kb4 51. Ra8 c3 52. a5 c2 0-1

[Event "AUTO-OPEN-1531"]
[Site "http://www.queenalice.com/game.php?id=785312"]
[Date "2010.6.4"]
[Round "3"]
[White "Malvada"]
[Black "fabke007"]
[Result "1-0"]
[WhiteElo "2209"]
[BlackElo "2073"]

1. d4 Nf6 2. Nf3 g6 3. g3 Bg7 4. Bg2 O-O 5. O-O d6 6. c3 Nbd7 7. Qc2 c5 8. e4
cxd4 9. cxd4 e5 10. d5 Nc5 11. Nc3 Nh5 12. b4 Na6 13. a3 f5 14. Bg5 Nf6 15. Rfc1
Bd7 16. Nh4 Rc8 17. exf5 gxf5 18. Qd2 Qe7 19. Qe3 b6 20. Qd3 Nc7 21. Nxf5 Bxf5
22. Qxf5 Qf7 23. Bxf6 Bxf6 24. Ne4 Qe7 25. Rc6 Bg7 26. Qh5 Nxd5 27. Rxc8 Rxc8
28. Ng5 Nf6 29. Bd5+ Kh8 30. Nf7+ Kg8 31. Nxd6+ Nxd5 32. Nxc8 Qd7 33. Rc1 1-0

[Event "AUTO-OPEN-1531"]
[Site "http://www.queenalice.com/game.php?id=785313"]
[Date "2010.6.4"]
[Round "3"]
[White "fabke007"]
[Black "Malvada"]
[Result "1-0"]
[WhiteElo "2045"]
[BlackElo "2223"]

1. e4 c6 2. d4 d5 3. e5 Bf5 4. Bd3 Bxd3 5. Qxd3 e6 6. Ne2 a6 7. O-O c5 8. c3 Nc6
9. f4 Nh6 10. Ng3 g6 11. Be3 Qb6 12. Nd2 Ng4 13. Nf3 Qxb2 14. Rfb1 c4 15. Rxb2
cxd3 16. Bd2 Na5 17. h3 Nh6 18. Nf1 Rc8 19. Ne3 Nf5 20. Nxf5 gxf5 21. Rab1 Ba3
22. Rb6 O-O 23. g4 fxg4 24. hxg4 Be7 25. Kg2 Bd8 26. R6b4 1-0

[Event "citryien"]
[Site "http://www.queenalice.com/game.php?id=785989"]
[Date "2010.6.5"]
[Round "3"]
[White "Martin_Stahl"]
[Black "fabke007"]
[Result "0-1"]
[WhiteElo "1919"]
[BlackElo "2020"]

1. d4 Nf6 2. c4 d6 3. Nc3 g6 4. e4 Bg7 5. Be3 O-O 6. Nf3 c6 7. Be2 Nbd7 8. O-O
Ng4 9. Bf4 e5 10. Bg3 f5 11. dxe5 dxe5 12. exf5 gxf5 13. h3 Nh6 14. Bh4 Qe8 15.
Re1 Nc5 16. b4 Na6 17. c5 Nc7 18. Rc1 Qh5 19. Be7 Re8 20. Bd6 Qf7 21. Nxe5 Rxe5
22. Bxe5 Bxe5 23. Bh5 Qf6 24. Rxe5 Qxe5 25. Qd8+ Kg7 26. Qg5+ Kh8 27. Qxh6 Be6
28. Qe3 Qxe3 29. fxe3 Rd8 30. a3 Rd3 31. Kf2 Nd5 32. Be2 Rxc3 0-1

[Event "Challenge"]
[Site "http://www.queenalice.com/game.php?id=835934"]
[Date "2010.9.21"]
[Round "-"]
[White "ORNELAS"]
[Black "fabke007"]
[Result "0-1"]
[WhiteElo "1722"]
[BlackElo "2014"]

1. b3 Nf6 2. Bb2 g6 3. e4 Bg7 4. e5 Nd5 5. d4 O-O 6. Qd2 d6 7. Nf3 Bf5 8. Bd3
Bxd3 9. cxd3 Nd7 10. exd6 exd6 11. O-O Re8 12. Nc3 N7f6 13. Nxd5 Nxd5 14. Bc1
Qd7 15. Qg5 c6 16. Qh4 Qf5 17. Ng5 h6 18. Nf3 g5 19. Nxg5 hxg5 20. Bxg5 Qh7 21.
Qg4 Qg6 22. Rfe1 f6 23. Rxe8+ Rxe8 24. Qd7 fxg5 25. Qxb7 Bxd4 26. Rf1 Nf4 27.
Qxc6 Be5 28. Qc4+ d5 29. Qa4 Qh5 30. Qd7 Ne2+ 0-1

[Event "Challenge"]
[Site "http://www.queenalice.com/game.php?id=837145"]
[Date "2010.9.23"]
[Round "-"]
[White "PRZ"]
[Black "fabke007"]
[Result "0-1"]
[WhiteElo "1221"]
[BlackElo "2018"]

1. g3 Nf6 2. Bg2 g6 3. e4 d6 4. Nc3 Bg7 5. d4 O-O 6. Nf3 Nbd7 7. e5 dxe5 8. dxe5
Ng4 9. Ng5 Ndxe5 10. Bd5 c6 11. Bb3 Qxd1+ 12. Nxd1 h6 13. Ne4 Nf3+ 14. Ke2 Nd4+
15. Kf1 Bf5 16. f3 Nxf3 17. Ndc3 Rad8 18. a4 Nfxh2+ 19. Kg2 Rd4 20. Nf2 Rfd8 21.
Nxg4 Nxg4 22. Re1 e5 23. Be3 Nxe3+ 24. Rxe3 Rd2+ 25. Ne2 Bxc2 26. Bxf7+ Kxf7 27.
Rf1+ Kg8 28. b3 Bd3 29. Rf2 Bxe2 0-1

[Event "citryien"]
[Site "http://www.queenalice.com/game.php?id=855171"]
[Date "2010.11.5"]
[Round "4"]
[White "fabke007"]
[Black "pgrzelak"]
[Result "1-0"]
[WhiteElo "2032"]
[BlackElo "1953"]

1. e4 d5 2. exd5 Qxd5 3. Nf3 Nf6 4. Be2 Nc6 5. O-O g6 6. Nc3 Qd6 7. d3 Bg7 8.
Bg5 O-O 9. Qd2 Nd4 10. Nxd4 Qxd4 11. Bf3 c6 12. Rfe1 Be6 13. Qe3 Qxe3 14. Rxe3
Rfe8 15. Rae1 Kf8 16. a3 Rad8 17. h3 Nd7 18. R3e2 Nb6 19. Bf4 Bxc3 20. bxc3 Bd5
21. Bh6+ Kg8 22. Bxd5 Nxd5 23. c4 Nf6 24. Rxe7 Rxe7 25. Rxe7 Rd7 26. Re1 Rd8 27.
g4 Nd7 28. Re7 f6 29. Be3 b6 30. d4 c5 31. c3 g5 32. f4 h6 33. fxg5 hxg5 34. Kg2
Kf8 35. Rh7 Ke8 36. h4 gxh4 37. Rxh4 Kf7 38. Rh7+ Kg6 39. Rh6+ Kg7 40. g5 Rg8
41. Kf3 fxg5 42. Bxg5 Rf8+ 43. Ke4 Rf1 44. Rd6 Rf7 45. a4 Kf8 46. Rg6 Ke8 47.
Rg8+ Nf8 48. Bh6 Re7+ 49. Kd5 1-0

[Event "5^ European Cup"]
[Site "http://www.queenalice.com/game.php?id=866404"]
[Date "2010.12.2"]
[Round "1"]
[White "thw"]
[Black "fabke007"]
[Result "0-1"]
[WhiteElo "1805"]
[BlackElo "2068"]

1. e4 c5 2. Nf3 d6 3. d4 cxd4 4. Nxd4 Nf6 5. Nc3 g6 6. Be3 Bg7 7. Qd2 Nc6 8.
Nxc6 bxc6 9. Be2 O-O 10. O-O-O Be6 11. Bh6 Qa5 12. Kb1 Nxe4 0-1

[Event "citryien"]
[Site "http://www.queenalice.com/game.php?id=890433"]
[Date "2011.1.24"]
[Round "5"]
[White "Ebbe"]
[Black "fabke007"]
[Result "0-1"]
[WhiteElo "1918"]
[BlackElo "2062"]

1. e4 c5 2. Nf3 d6 3. Bc4 Nc6 4. h3 Nf6 5. Nc3 g6 6. d4 cxd4 7. Nxd4 Bg7 8. Nf3
O-O 9. O-O a6 10. Qe2 b5 11. Bd3 Be6 12. e5 dxe5 13. Nxe5 Nxe5 14. Qxe5 Nd5 15.
Qg3 Nxc3 16. bxc3 Rc8 17. Bb2 Bc4 18. a3 Bxd3 19. cxd3 Bxc3 20. Rab1 Bxb2 21.
Rxb2 Rc3 22. Rd1 Rxa3 23. Qh4 Qd6 24. d4 Rd8 25. d5 Ra4 26. Qg5 b4 27. g3 a5 28.
Kg2 Ra3 29. Re2 e6 30. Rdd2 exd5 31. Re1 d4 0-1

[Event "5^ European Cup"]
[Site "http://www.queenalice.com/game.php?id=909961"]
[Date "2011.3.8"]
[Round "2"]
[White "fabke007"]
[Black "Uragano"]
[Result "1-0"]
[WhiteElo "2072"]
[BlackElo "1956"]

1. e4 e5 2. Bc4 Nf6 3. d4 exd4 4. Nf3 Nc6 5. Nxd4 Nxd4 6. Qxd4 d6 7. Nc3 Be7 8.
Be3 O-O 9. O-O-O Re8 10. f3 b6 11. Nd5 Bb7 12. Rhe1 Nxd5 13. Bxd5 Bxd5 14. Qxd5
Bf6 15. Qc6 Qe7 16. Kb1 Qe5 17. Bd4 Qxh2 18. Bxf6 gxf6 19. Qxc7 Qxg2 20. Rg1 1-0

[Event "alemanha"]
[Site "http://www.queenalice.com/game.php?id=911857"]
[Date "2011.3.12"]
[Round "-"]
[White "jhonatansouza"]
[Black "fabke007"]
[Result "0-1"]
[WhiteElo "1482"]
[BlackElo "2083"]

1. e4 c5 2. Nf3 d6 3. Bc4 Nc6 4. O-O Nf6 5. Nc3 g6 6. d4 cxd4 7. Nd5 Bg7 8. c3
dxc3 9. bxc3 Nxd5 10. exd5 Ne5 11. Bb5+ Bd7 12. Nd4 O-O 13. f4 Bxb5 14. Nxb5 Nc4
15. Qd3 Qb6+ 16. Nd4 Qc5 17. a4 Qxd5 18. Rd1 Rac8 19. Qe2 Qa5 20. Nb5 a6 21. Na7
Rc7 22. Rb1 Qc5+ 23. Be3 Nxe3 24. Rd3 Ng4+ 25. Kh1 Nf2+ 26. Kg1 Nxd3+ 0-1

[Event "Challenge"]
[Site "http://www.queenalice.com/game.php?id=931568"]
[Date "2011.4.28"]
[Round "-"]
[White "jjjcarvalho"]
[Black "fabke007"]
[Result "0-1"]
[WhiteElo "1621"]
[BlackElo "2085"]

1. e4 c5 2. Nf3 d6 3. Bc4 Nc6 4. c3 g6 5. d3 Bg7 6. Bf4 Nf6 7. h3 O-O 8. a3 Nh5
9. Be3 Be6 10. Bxe6 fxe6 11. Nbd2 Nf4 12. Bxf4 Rxf4 13. O-O d5 14. Re1 Qc7 15.
exd5 exd5 16. g3 Rf5 17. Qe2 Raf8 18. h4 e5 19. Rab1 a6 20. c4 Nd4 21. Nxd4 cxd4
22. cxd5 Rxf2 23. Qxf2 Rxf2 24. Kxf2 Qc2 25. Ke2 Bh6 26. Red1 Bxd2 27. b4 Be3+
28. Rd2 Qxd2+ 0-1